000 01362cad a22001935a 4500
001 L154357
008 111117s2009 xxk f 000 0 eng d
035 _a(Sirsi) u154357
041 0 _aeng
110 2 _aEuropean Committee for Standardization
_95990
245 0 0 _aAccessibility to public procurement in the built environment
_h[electronic resource]
260 _aBrussels
_bCEN
_c2009
520 _aThe European Committee for Standardization (CEN) is a business facilitator in Europe, removing trade barriers for European industry and consumers. Its mission is to foster the European economy in global trading, the welfare of European citizens and the environment. Through its services it provides a platform for the development of European Standards and other technical specifications. The standardization mandate from the European Commission, M/420, supports disability policies and concerns European accessibility requirements for public procurement in the built environment. The website includes a link to the General Situation of European Standardization under the Construction Products Directive report.
590 _aKA NTK
651 4 _aEurope
690 _aProcurement
_96260
856 4 0 _uhttps://www.cen.eu/cen/Sectors/Sectors/Accessibility/Construction/Pages/Allpresentations.aspx
_zView the website free of charge at www.cen.eu
942 _n0
999 _c120933
_d120933